Multiple Choice City Quiz - Quebec City - Statistics

General Stats
  • This quiz has been taken 35 times
  • The average score is 7 of 10
Answer Stats
Question Answer % Correct
Which river flows through Quebec City? St. Lawrence
91%
Which picture depicts a monument of Quebec City?
78%
What was the main source of income for the city's economy in the 17th century? Beaver fur
78%
Kébec, a word of indigenous origin, means... Where the river narrows
78%
Of which former French colony was Quebec City the capital? New France
72%
Who founded Quebec City? Samuel De Champlain
63%
Which North American city was founded before 1608, the year Quebec City was founded? Mexico City
56%
What percentage of the population has French as their first language? 95%
53%
At the end of which war did the city fall under British occupation? French and Indian War
47%
Quebec is the only city in North America which has... Ramparts
47%
No matching quizzes found
Score Distribution
Percent of People with Each Score
Percentile by Number Answered
Your Score History
You have not taken this quiz